Ľudová slovesnosť ako zdroj motivácie pri vyučovaní zámen

Bibliographic Details
Main Author: Kohútová, Božena (Author)
Format: Article
Language:Slovak
Subjects:

MARC

LEADER 00000nab a2200000 a 4500
001 vtls000644110
003 SK-MaSNL
005 20260304085041.0
008 250425c1998 xo 0 slo
015 |a SNBRB19rr/mm-uuuuu 
035 |a CL0644249 
035 |a urn:nbn:sk:snk-abh8a 
035 |a (urnnbn)urn:nbn:sk:snk:ar-a04z0x 
035 |a (uuid)8263ea5b-3c57-4b7d-be86-1c9c1d42f2a6 
040 |a SNKBUCL  |b slo  |c SNKBUCL  |e AACR2 
041 0 |a slo 
044 |a xo  |c SK 
080 |a 372.880.854:801.24:398  |2 1981 
080 |a 801.24  |2 1981 
080 |a 398  |2 1981 
080 |a 800:372.880  |2 1981 
080 |a 808.54-24  |2 1981 
100 1 |a Kohútová, Božena  |4 aut  |9 986078 
245 1 0 |a Ľudová slovesnosť ako zdroj motivácie pri vyučovaní zámen  |c Božena Kohútová 
650 0 7 |a slovenčina  |2 snkbucl  |9 1350 
650 0 7 |a zámená  |2 snkbucl  |9 1328 
650 0 7 |a slovesnosť ľudová  |2 snkbucl  |9 932796 
655 7 |a články z novín a časopisov  |2 snkbucl  |9 267496 
773 0 |t Slovenský jazyk a literatúra v škole  |g Roč. 44, č. 3-4 (1997/1998), s. 105-109 
850 |a Slovenská národná knižnica 
852 |a Slovenská národná knižnica 
954 |a odborná, vedecká literatúra pôvodná (slovenská)  |2 lita 
958 |a article27 
958 |a SK 
958 |a RK 
958 |a OND 
958 |a EUIPO 
999 |c 2806272  |d 2808202